| 000 | 01313cam a22003374a 4500 | ||
|---|---|---|---|
| 001 | 15560551 | ||
| 003 | OSt | ||
| 005 | 20220113014750.0 | ||
| 008 | 081217s2010 maua 001 0 eng | ||
| 010 | _a 2008054521 | ||
| 020 | _a9780073377667 (hbk. : alk. paper) | ||
| 020 | _a007337766X (hbk. : alk. paper) | ||
| 040 |
_aMMU _cMMU _dMMU _beng |
||
| 043 | _an-us--- | ||
| 050 | 0 | 0 |
_aKF1600 _b.C6 2010 |
| 082 | 0 | 0 |
_a346.7307 _222 |
| 245 | 0 | 4 |
_aThe legal and regulatory environment of business / _cO. Lee Reed ... [et al.]. |
| 250 | _a15th ed. | ||
| 260 |
_aBoston : _bMcGraw-Hill/Irwin, _cc2010. |
||
| 300 |
_axliv, 736 p. : _bill. (chiefly col.) ; _c26 cm. |
||
| 500 | _aRev. ed. of: The legal and regulatory environment of business / Robert N. Corley. 9th ed. c1993. | ||
| 500 | _aIncludes index. | ||
| 650 | 0 |
_aTrade regulation _zUnited States. |
|
| 650 | 0 |
_aCommercial law _zUnited States. |
|
| 650 | 0 |
_aIndustrial laws and legislation _zUnited States. |
|
| 700 | 1 |
_aReed, O. Lee _q(Omer Lee) |
|
| 700 | 1 |
_aCorley, Robert Neil. _tLegal and regulatory environment of business. |
|
| 906 |
_a7 _bcbc _corignew _d1 _eecip _f20 _gy-gencatlg |
||
| 942 |
_2lcc _cLOAN LOAN |
||
| 999 |
_c18113 _d18113 |
||